00347nam a2200145Ia 4500008004000000082001500040100001700055245003700072260003000109300001300139650001500152650001300167650000700180650001400187210210b1964 xxu||||| |||| 00| 0 eng d a541.3 KHOP aKHOSLA (B D) aPrinciples of physical chemistry aN DbR Chand & Co.,c1964 aviii,595 aPrinciples aphysical aof achemistry